| 000 | 00462cam a2200145 4500500 | ||
|---|---|---|---|
| 005 | 20251228074239.0 | ||
| 041 | _afre | ||
| 042 | _adc | ||
| 100 | 1 | 0 |
_aBaron, Anne-Marie _eauthor |
| 245 | 0 | 0 | _aBalzac et la tradition alchimique |
| 260 | _c2013. | ||
| 500 | _a62 | ||
| 786 | 0 | _nL'Année balzacienne | 14 | 1 | 2013-12-01 | p. 231-242 | 0084-6473 | |
| 856 | 4 | 1 | _uhttps://shs.cairn.info/revue-l-annee-balzacienne-2013-1-page-231?lang=fr&redirect-ssocas=7080 |
| 999 |
_c1597274 _d1597274 |
||